000 00708nam a2200181Ia 4500
001 13247
003 GE_BSU
008 181216s||||||||xx |||||||||||||| ||und||
040 _cGE_BSU
080 _a634.1/7
245 _aПрограмма и методика селекции плодовых,ягодных и орехоплодных культур
245 _cРед.кол.Лобанов Г.Я. Морозова Т.В. Манаенкова Н.И. и др.
260 _aМичуринск
260 _c1980
300 _a530стр.20см.
653 _aПрограмма и методика селекции плодовых,ягодных и орехоплодных культур
942 _cBK
999 _c46411
_d46411